000 00990nam2a22002411 4500
001 RU\NLR\INFOCOMM5\1000358119
005 20250617070632.0
035 _a(NLR Aleph) 002541144
090 _a2935751
_c2935751
100 _a20040517d1965 |||y0rusy50 ca
101 0 _arus
102 _aRU
105 _ay |||||||||
200 1 _aВопросы экскурсионной работы музеев
210 _d1965
_aБ. м.
461 0 _1001RU\NLR\INFOCOMM5\1000358105
_12001#$aТруды Научно-исследовательского института музееведения$vВып.13
_92935685
_aНИИ музееведения (Москва)
_cМ.
_d1957-
_nГоскультпросветиздат
_tТруды Научно-исследовательского института музееведения
_vВып.13
801 1 _aRU
_bInfoComm
_c20040517
801 0 _aRU
_bNLR
_gPSBO
852 _aNLR
_jП28/796
942 _cISSUE
980 _aNB
980 _aRUSPER